Statistics for Easy Quiz #1

Click here to take the quiz!

General Stats

  • This quiz has been taken 47 times
    (25 since last reset)
  • The average score is 6 of 8

Answer Stats

HintAnswer% Correct
What integer comes between 1 and 3?2
100%
How many letters are there in the English alphabet?26
100%
This letter is the first letter of the English alphabet.a
100%
What quiz site are you on right now?Jetpunk
100%
What is the first letter in the URL of this website?h
92%
Who is the main protagonist of the book "Harry Potter"?Harry Potter
92%
What JetPunk level do you have to have to start making blogs?40
33%
Who owns Jetpunk?H Brothers, Inc.
29%

Score Distribution

Percentile by Number Answered

Percent of People with Each Score

Your Score History

You have not taken this quiz since the last reset